100 dieux, titans ou autres divinités ! - Statistiques

Statistiques générales
  • Ce quiz a été pris 836 fois
  • Le résultat moyen est 35 sur 100
Statistiques - réponses
Hint Réponse % Correct
1. Zeus
99%
12. Hadès
93%
5. Poséïdon
93%
2. Athéna
92%
6. Héra
92%
7. Arès
88%
8. Apollon
87%
78. Chronos
86%
15. Cronos
86%
3. Aphrodite
85%
10. Héphaïstos
82%
4. Hermès
82%
9. Artémis
81%
17. Gaïa
79%
11. Dionysos
77%
13. Déméter
76%
25. Perséphone
76%
16. Éros
72%
18. Ouranos
71%
14. Hestia
70%
40. Rhéa
64%
51. Héraclès
60%
52. Nyx
56%
24. Pan
55%
21. Atlas
51%
23. Hélios
51%
22. Prométhée
48%
34. Séléné
48%
35. Thanatos
48%
20. Éole
47%
31. Hypnos
45%
28. Éris
42%
63. Chaos
39%
33. Morphée
39%
59. Océan
38%
49. Borée
37%
46. Léto
37%
41. Hécate
35%
32. Némésis
35%
38. Thémis
33%
66. Tartare
32%
19. Asclépios
31%
50. Iris
31%
68. Japet
31%
53. Zéphyr
31%
36. Niké
30%
45. Épiméthée
29%
30. Hébé
28%
44. Hypérion
27%
43. Charon
26%
70. Styx
26%
54. Thétis
26%
48. Éos
25%
27. Triton
24%
58. Mnémosyne
23%
57. Phobos
23%
26. Amphitrite
22%
65. Érèbe
22%
42. Moires
22%
88. Psyché
21%
80. Crios
20%
62. Pontos
20%
85. Coéos
19%
56. Déimos
19%
72. Phoebé
19%
37. Métis
18%
29. Muses
18%
64. Téthys
18%
84. Ether
17%
69. Théia
17%
79. Héméra
16%
95. Euros
15%
55. Maïa
14%
94. Notos
14%
92. Moros
13%
76. Harmonie
12%
60. Hermaphrodite
12%
97. Ananké
11%
39. Charybde
11%
86. Chioné
11%
77. Heure
11%
61. Nérée
11%
81. Hygie
10%
82. Charites
9%
73. Érinyes
9%
91. Até
7%
47. Illithyie
7%
90. Achlys
6%
89. Cymopolée
6%
93. Enyo
6%
87. Phorcys
6%
74. Ploutos
6%
71. Priape
6%
100. Aristée
5%
96. Chloris
5%
67. Ino
5%
99. Hersé
4%
98. Pandia
4%
83. Rhodé
4%
75. Protée
3%
Aucun quiz correspondant
Distribution des résultats
% des personnes avec chaque résultat
Percentile par nombre de réponses
Votre historique - résultats
Vous n’avez pas pris ce quiz